Design of composite steelconcrete structures

Enregistré dans:
Détails bibliographiques
Auteur principal: Yam, L. Loyd P. (Auteur)
Format: Livre
Langue:anglais
Publié: Londýn : Surrey University Press, 1981
Édition:1. vyd.
Tags: Ajouter un tag
Pas de tags, Soyez le premier à ajouter un tag!

MARC

LEADER 00000nam a22000003a 4500
001 stu142682
005 20150617225929.6
008 070625s1981----uk------------------eng-d
040 |a STU  |b slo 
041 0 |a eng 
044 |a uk 
080 |a 624.182.1 
100 1 |a Yam, L. Loyd P.  |4 aut 
245 1 |a Design of composite steelconcrete structures 
250 |a 1. vyd. 
260 |a Londýn :  |b Surrey University Press,  |c 1981 
300 |a 168 s 
996 |c V*26895/O-11246  |l VV1  |s P  |a 0  |w stu142682_0001